Normal view MARC view
  • Stevenson, William D

Entry Personal Name

Number of records used in: 2

001 - CONTROL NUMBER

  • control field: 41263

003 - CONTROL NUMBER IDENTIFIER

  • control field: NUST

005 - DATE AND TIME OF LATEST TRANSACTION

  • control field: 20210314132018.0

008 - FIXED-LENGTH DATA ELEMENTS

  • fixed length control field: 210314|| aca||aabn | a|a d

040 ## - CATALOGING SOURCE

  • Original cataloging agency: NUST
  • Transcribing agency: NUST

100 ## - HEADING--PERSONAL NAME

  • Personal name: Stevenson, William D

670 ## - SOURCE DATA FOUND

  • Source citation: Work cat.: (NUST): Stevenson, William D., Elements of power system analysis., 1955.
© 2023 Central Library, National University of Sciences and Technology. All Rights Reserved.